000
00333nam a22001457a 4500
008
210531b ||||| |||| 00| 0 eng d
020
_a
0395328160
041
_a
eng
080
_2
3rd
_a
339.138
082
_a
339.138
100
_a
60
101
_a
MAR
245
_a
Pride and Ferrell Marketing
_c
William M. Pride
942
_2
udc
_c
BK
999
_c
57864
_d
57864